000 00245nam a22001217a 4500
008 181226b xxu||||| |||| 00| 0 eng d
041 _aeng
080 _a330
100 _a52
101 _aEKO
245 _aEconomics
_cBowden
942 _2udc
_cBK
999 _c53806
_d53806